Los nuestros /
Guardado en:
| Autor Principal: | |
|---|---|
| Otros Autores: | |
| Formato: | Libro |
| Publicado: |
Buenos Aires :
Sudamericana,
1966
|
| Series: | Colección Perspectivas
|
| Materias: | |
| Etiquetas: |
Agregar Etiqueta
Sin Etiquetas, Sea el primero en etiquetar este registro!
|
| LEADER | 00890nam a22002175a 4500 | ||
|---|---|---|---|
| 001 | EHU.bham024606 | ||
| 008 | 130507s1966##################000#0#####d | ||
| 005 | 20240809080434.0 | ||
| 245 | 1 | 0 | |a Los nuestros / |c Luis Harss en colaboración con Barbara Dohmann. |
| 260 | |a Buenos Aires : |b Sudamericana, |c 1966 | ||
| 300 | |a 461 p. | ||
| 490 | 0 | |a Colección Perspectivas | |
| 500 | |a Ensayos sobre: Alejo Carpentier, Miguel Ángel Asturias, Jorge Luis Borges, Joao Guimarães Rosa, Juan Carlos Onetti, Julio Cortázar, Juan Rulfo, Carlos Fuentes, Gabriel García Márquez, Mario Vargas Llosa.- | ||
| 100 | 1 | |a Harss, Luis | |
| 700 | 1 | |a Dohmann, Barbara | |
| 082 | H | 8 | |a H863.07 H251 |
| 653 | |a Colección Lejarraga | ||
| 653 | |a Narrativa | ||
| 653 | |a Literatura hispanoamericana | ||
| 653 | |a Literatura hispanoamericana-ensayos | ||
| 859 | |a AR-BHAM |b BIB. HUMANIDADES - General |h H863.07 |i H251 |k H |p 388.02 |t Ej.1 | ||
